Cuentos de crímenes, fantasmas y piratas

Saved in:
Bibliografiske detaljer
Hovedforfatter: Defoe, Daniel (Author)
Format: Bog
Sprog:spansk
Udgivet: Madrid Valdemar 2002
Udgivelse:1a. ed
Serier:El Club Diógenes, 190
Fag:
Tags: Tilføj Tag
Ingen Tags, Vær først til at tagge denne postø!

MARC

LEADER 00000cam a2200000 a 4500
001 UCC3648
003 CL-VaPUC
008 180531e20020000sp |||||||||||||||||spa|d
020 |a 9788477027928 
082 0 4 |a 823  |b DEF  |2 21 
100 |a Defoe, Daniel   |e author  |9 338739 
245 1 0 |a Cuentos de crímenes, fantasmas y piratas 
250 |a 1a. ed 
300 |a 259 p 
942 |c BK 
945 |d 20180531 16:15:00  |a dcastane 
260 |a Madrid  |b Valdemar  |c 2002 
650 0 |a Cuentos ingleses  |9 265135 
650 0 |a Literatura inglesa  |9 312907 
583 |a last modification  |c 20180531 16:15:00  |k Rodrigo Vera 
490 0 |a El Club Diógenes, 190 
999 |c 371340  |d 371338